00944cam a2200229u 4500952014600000999001700146001000800163003000900171005001700180008004100197010001700238040002900255050001500284082001400299100004500313245020700358260004200565300003100607651001900638906004500657942001200702 00102ddc40718NFICaASLbASLcGENd2021-02-09eASB Library Collectionsl0o955 WAHp105515r2021-02-09 00:00:00tC-1w2021-02-09yBKzRARE c21662d216629140061BDDh-ASL20231015030026.0821002s1866 enk 000 0 eng  a 05012110  aDLCcCarPdDLCdBDDh-ASL00aDS298b.W3 a955bWAH 1 aWatson, Robert Grant. [from old catalog]02aA history of Persia from the beginning of the nineteenth century to the year 1858 :bwith a review of the principal events that led to the establishment of the Kajar dynasty / cby Robert Grant Watson.  aLondon:bSmith, Elder and co.,c1866. axii, 465, [1] p. :c23 cm. 0aIranxHistory. a0bcbccpremunvduencipf19gy-gencatlg 2ddccBK